000 00802nam a2200205Ia 4500
008 110201s9999 xx 000 0 und d
082 _bB2803
_aS 317
100 _aमहाजन सुलक्षणा
100 _aसाठे शारदा
245 _aस्त्री-मुक्ती आणि विज्ञान
260 _bप्रेरणा प्रकाशन
365 _b5
600 _aमहाजन सुलक्षणा
600 _aसाठे शारदा
630 _aस्त्री-मुक्ती आणि विज्ञान
700 _aमहाजन सुलक्षणा
700 _aसाठे शारदा
730 _aस्त्री-मुक्ती आणि विज्ञान
942 _cBOOK
999 _c829618
_d829615